| 000 | 01645nam a22003257a 4500 | ||
|---|---|---|---|
| 003 | OSt | ||
| 005 | 20210804112239.0 | ||
| 008 | 210318s2014 ck ad||gr|||| 001 0 spa d | ||
| 020 | _a9789585864801 | ||
| 040 |
_aCO-JMCR _cCO-JMCR |
||
| 041 | 0 | _aspa | |
| 082 | 0 | 4 |
_a330.98 / _bS226c _223 |
| 100 | 1 |
_aSanguinetti, Julio María, _eautor _936272 |
|
| 245 | 1 | 0 |
_aConstruyendo un Fondo Latinoamericano de Reservas : _blos 35 años del FLAR / _cJulio María Sanguinetti, César Gaviria, L. Enrique García [y otros 20] ; Guillermo Perry, editor |
| 250 | _aPrimera edición | ||
| 260 |
_aBogotá : _bFondo Latinoamericano de Reservas, _c2014 |
||
| 300 |
_a291 páginas : _bilustraciones y gráficas a blanco y negro ; _c29 cm. |
||
| 500 | _aIncluye índice alfabético y notas a pie de página. | ||
| 504 | _aBibliografía al final de cada capítulo. | ||
| 505 | 0 | _aLa integración latinoamericana y el rol de las instituciones financieras regionales -- Lecciones de las crisis financieras y la necesidad de un prestamista global de última instancia -- Los fondos monetarios regionales en la nueva arquitectura financiera internacional -- Los logros y desafíos del FLAR | |
| 610 | 2 | 4 |
_aFondo Latinoamericano de Reservas _xHistoria _936273 |
| 650 | 1 | 4 |
_aEconomía _zAmérica Latina _936274 |
| 650 | 2 | 4 |
_aIntegración regional _zAmérica Latina _97492 |
| 650 | 2 | 4 |
_aCrecimiento económico _zAmérica Latina _914479 |
| 651 | 4 |
_aAmérica Latina _xCondiciones económicas _910316 |
|
| 700 | 1 |
_aGaviria, César, _eautor _93082 |
|
| 700 | 1 |
_aGarcía, L. Enrique, _eautor _912595 |
|
| 700 | 1 |
_aPerry, Guillermo, _eeditor _97172 |
|
| 942 |
_2ddc _cBK |
||
| 999 |
_c15424 _d15424 |
||